Europa Universalis 5 - Trade goods - Statistics

General Stats
  • This quiz has been taken 2 times
  • The average score is 49 of 74
Answer Stats
Method of extraction Trade good % Correct
Mining Alum
100%
Production Beer
100%
Production Books
100%
Production Cloth
100%
Mining Coal
100%
Mining Copper
100%
Gathering Fish
100%
Farming Fruit
100%
Mining Gems
100%
Production Glass
100%
Mining Gold
100%
Farming Horses
100%
Mining Iron
100%
Farming Maize
100%
Production Masonry
100%
Production Paper
100%
Production Porcelain
100%
Farming Potatoes
100%
Gathering Salt
100%
Gathering Sand
100%
Farming Silk
100%
Mining Silver
100%
Mining Stone
100%
Mining Tin
100%
Farming Wheat
100%
Farming Wine
100%
Farming Wool
100%
Gathering Amber
50%
Farming Beeswax
50%
Production Cannon
50%
Farming Chili
50%
Gathering Clay
50%
Farming Cloves
50%
Farming Cocoa
50%
Farming Coffee
50%
Farming Cotton
50%
Farming Elephants
50%
Farming Fiber Crops
50%
Production Fine Cloth
50%
Production Firearms
50%
Hunting Fur
50%
Hunting Ivory
50%
Production Jewlery
50%
Production Lacquerware
50%
Mining Lead
50%
Production Leather
50%
Farming Legumes
50%
Production Liquor
50%
Farming Livestock
50%
Logging Lumber
50%
Mining Marble
50%
Gathering Medicaments
50%
Mining Mercury
50%
Production Naval Supplies
50%
Farming Olives
50%
Gathering Pearls
50%
Farming Pepper
50%
Production Pottery
50%
Farming Rice
50%
Farming Saffron
50%
Mining Saltpeter
50%
Production Slaves
50%
Production Steel
50%
Farming Sturdy Grains
50%
Farming Sugar
50%
Farming Tea
50%
Farming Tobacco
50%
Production Tools
50%
Production Weaponry
50%
Hunting Wild Game
50%
Farming Dyes
0%
Production Furniture
0%
Farming Incense
0%
Production Tar
0%
No matching quizzes found
Score Distribution
Percent of People with Each Score
Percentile by Number Answered
Your Score History
You have not taken this quiz